Normal view MARC view
  • Amo Sánchez-Fortún, José Manuel de

Entry Nombre Personal

Number of records used in: 3

001 - NUMERO DE CONTROL

  • campo de control: 41786

003 - IDENTIFICADOR DE NUMERO DE CONTROL

  • campo de control: UPN

005 - FECHA Y HORA DE LA ÜLTIMA TRANSACCIÓN

  • campo de control: 20230512140325.0

008 - DATOS DE LONGITUD FIJA

  • campo de control de longitud fija: nabaccnnaabn|||||||||| b |nc|||||d

024 7# - OTROS IDENTIFICADORES NORMALIZADOS

  • Fuente: orcid
  • Número normalizado o código: https://orcid.org/0000-0002-5680-2921

035 ## - NUMERO DE CONTROL

  • Número de control: UPN11000013893

040 ## - FUENTE DE CATALOGACIÓN

  • Lenguaje de catalogación: spa
  • Agencia de transcripción: MX-MxUPN
  • Agencia original de catalogación: MX-MxUPN

100 1# - ENCABEZAMIENTO - NOMBRE PERSONAL

  • Nombre personal: Amo Sánchez-Fortún, José Manuel de

370 ## - LUGAR ASOCIADO

  • Associated country: España

371 ## - DIRECCIÓN

  • Electronic mail address: jmdeamo@ual.es

372 ## - CAMPO DE ACTIVIDAD

  • Field of activity: Estudios literarios y culturales

373 ## - GRUPO ASOCIADO

  • Associated group: Universidad de Almería

374 ## - OCUPACIÓN

  • Occupation: Profesor - investigador universitario

400 1# - VEÁSE - NOMBRE DE PERSONA

  • Personal name: Sánchez-Fortún, José Manuel de Amo

400 1# - VEÁSE - NOMBRE DE PERSONA

  • Personal name: Amo Sánchez-Fortún, J. M. de

400 1# - VEÁSE - NOMBRE DE PERSONA

  • Personal name: Amo, J. M. de

670 ## - FUENTE EN LA QUE SE LOCALIZARON DATOS

  • Cita de la fuente: En sitio web: Universidad de Almería
  • Información localizada: (Amo Sánchez-Fortún, José Manuel de)
  • Uniform Resource Identifier: https://www.ual.es/persona/505553515150545690

680 ## - NOTA PUBLICA DE ACCESO PÚBLICO

  • Frase explicativa de la referencia: Literato español

902 ## - CATALOGADOR

  • Catalogador: CAA/091018

902 ## - CATALOGADOR

  • Catalogador: Leonor Sotres/120523